Axiologičeskaja sostavljajučaja glagolnych novoobrazovanij v sovremennom russkom jazyku

Účelom príspevku bolo analyzovať verbálne neoderiváty z hľadiska spôsobov vyjadrenia hodnotenia nominovaných akcií a udalostí v nich. Na materiáli verbálnych novotvarov autor analyzuje mechanizmy vzniku hodnotiacej zložky.

Guardado en:
Detalles Bibliográficos
Autor principal: Markova, Elena Michajlovna, 1960-
Formato: Capítulo de libro
Lenguaje:ruso
Materias:
Etiquetas: Agregar Etiqueta
Sin Etiquetas, Sea el primero en etiquetar este registro!

MARC

LEADER 00000naa$a2200000$$$4500
001 0308059
005 20250409095431.5
041 0 |a rus 
044 |a RU 
245 1 0 |a Axiologičeskaja sostavljajučaja glagolnych novoobrazovanij v sovremennom russkom jazyku  |c Elena Michajlovna Markova 
520 |a Účelom príspevku bolo analyzovať verbálne neoderiváty z hľadiska spôsobov vyjadrenia hodnotenia nominovaných akcií a udalostí v nich. Na materiáli verbálnych novotvarov autor analyzuje mechanizmy vzniku hodnotiacej zložky. 
610 2 0 |a jazykoveda 
610 2 0 |a jazyky cudzie 
610 2 0 |a zásoba slovná 
610 2 0 |a ruština 
100 1 |a Markova, Elena Michajlovna, 1960-